000
00236nam a22001097a 4500
082
_a
621.436 BRA
100
_a
BRADBURY,C.H
_9
56531
245
_a
THE DIESEL ENGINE
260
_a
LONDON
_b
SPON PRESS
_c
1955
300
_a
226P
942
_c
BK
999
_c
566921
_d
566921